Statistics for 1984 happenings

Click here to take the quiz!

General Stats

  • This quiz has been taken 36 times
  • The average score is 6 of 20

Answer Stats

HintAnswer% Correct
Apple introduces this PCMacintosh
85%
This charity supergroup is foundedBand Aid
70%
This Indian prime minister is assassinatedIndira Gandhi
61%
This film based on an Orwell novel is releasedNineteen Eighty-Four
58%
This country suffers a dreadful famineEthiopia
52%
The Winter Olympics are held in this citySarajevo
36%
This man resigns as prime minister of CanadaPierre Trudeau
33%
This religious figure is awarded the Nobel Peace PrizeBishop Desmond Mpilo Tutu
30%
This country is the first to be booed at in the history of the Eurovision Song ContestUnited Kingdom
30%
Joe Kittinger is the first person to cross the Atlantic solo in one of theseHot air balloon
30%
This space shuttle takes its first flightSpace Shuttle Discovery
27%
Upper Volta changes its name to thisBurkina Faso
27%
The Grand Hotel is bombed by the IRA in this British townBrighton
21%
This comedian tragically dies live on TVTommy Cooper
21%
The London embassy of this country is under siegeLibya
15%
This US state is the only one not to give an electoral vote to Ronald Reagan in the US electionsMinnesota
15%
This epidemic begins in Los AngelesCrack epidemic
12%
This country becomes the last in Europe to let women voteLiechtenstein
9%
This country faces civil warSri Lanka
3%
This world's largest theatrical production company opensCirque du Soleil
0%

Score Distribution

Percentile by Number Answered

Percent of People with Each Score

Your Score History

You have not taken this quiz